000 00380nam a22001457a 4500
005 20250210133146.0
008 250210b |||||||| |||| 00| 0 eng d
020 _a9780852974339
050 _aHG3853
_bCOY
100 _aCoyle, Brian
245 _aForeign exchange markets
260 _aLondon
_bThe Chartered Institute of Bankers
_cc2000
300 _avi,138p
942 _2lcc
_cBK
_n0
999 _c3784
_d3784